000 00685cam a22002172 4500
001 0000024130
005 20151021151149.0
008 130612s xx 000 0 eng d
020 _a0273713791 :
040 _aKABU
_cKABU
245 1 0 _aProcurement principles and management /
_cPeter Baily ... [et al.].
250 _a10th ed.
260 _aHarlow, England :
_bPrentice,
_c2008.
300 _axv, 448 p.
650 0 _aIndustrial procurement.
_xManagement.
_@0000184095
650 0 _aPurchasing
_xManagement.
_@0000158221
700 1 _aBaily, Peter.
_@0000157465
852 1 _9p2250 KES
908 _a130612
950 _@1
999 _c1374
_d1374